000 00782nam a22001937a 4500
003 IT-RoPau
005 20220918175937.0
008 121219b xxu||||| |||| 00| 0 eng d
040 _cIT-RoPau
100 _aAlberione Giacomo
_qFondatore Famiglia Paolina
_985
245 _aIi rosario del religioso.
_bRitiro mensile Alba 30 settembre - 1° ottobre 1933
250 _aI
260 _aRoma
_bSSP
300 _a16 p.
_c30 p.
490 _vI
500 _aIn questo dattiloscritto del Sac. Giacomo Alberione ci sono delle riflessioni fatte in un Ritiro mensile tenutosi ad Alba nel 1933 dal Primo Maestro.
520 _aIL ROSARIO DEL RELIGIOSO Il rosario è via per il religioso Il Rosario è verità per il religioso Il Rosario è vita per il religioso
942 _2ddc
_cBK
999 _c37696
_d37696